01269nam a2200193 a 4500008004100000050002700041110004700068245017700115260007000292300002000362350000900382650003300391710005600424995015700480995015700637999001700794952013200811952013200943090708s1987 ||||||||||||||||| || u aGOV.ZAM(058)INDP/1987A aGovernment of the Republic of Zambia (GRZ)10aNew economic recovery programme: interim national development plan July, 1987 - December, 1988cBy the Office of the President. National Commission for Development Planning aLusakabNational Commission for Development Planning (NCDP)c1987 aiii, 69p.: ill. a0.00 0aECONOMIC DEVELOPMENT--ZAMBIA aNational Commission for Development Planning (NCDP) aSPECIAL COLLECTIONSD0.00e03004341FCBU-MAIN LIBRARY (Kitwe)H1I0.00jGOV.ZAM(058)INDP/1987AM1UAVAILABLEWJul 8, 2009y03004341ZZambiana Collection aSPECIAL COLLECTIONSD0.00e03004342FCBU-MAIN LIBRARY (Kitwe)H1I0.00jGOV.ZAM(058)INDP/1987BM2UAVAILABLEWJul 8, 2009y03004342ZZambiana Collection c78769d78769 00102lcc4070a001b001cZambiana Collectiond2023-06-06l0oGOV.ZAM(058)INDP/1987Ap03004341r2023-06-06t1w2023-06-06y023 00102lcc4070a001b001cZambiana Collectiond2023-06-06l0oGOV.ZAM(058)INDP/1987Bp03004342r2023-06-06t2w2023-06-06y023